Science and Religious Anthropology: A Spiritually Evocative Naturalist Interpretation of Human Life by Wesley J. Wildman
| Main Author: | |
|---|---|
| Format: | Electronic Review |
| Language: | English |
| Check availability: | HBZ Gateway |
| Interlibrary Loan: | Interlibrary Loan for the Fachinformationsdienste (Specialized Information Services in Germany) |
| Published: |
2011
|
| In: |
Zygon
Year: 2011, Volume: 46, Issue: 1, Pages: 250-252 |
| Further subjects: | B
Book review
|
| Online Access: |
Volltext (lizenzpflichtig) Volltext (lizenzpflichtig) |
MARC
| LEADER | 00000naa a22000002c 4500 | ||
|---|---|---|---|
| 001 | 1827962429 | ||
| 003 | DE-627 | ||
| 005 | 20221220235147.0 | ||
| 007 | cr uuu---uuuuu | ||
| 008 | 221220s2011 xx |||||oo 00| ||eng c | ||
| 024 | 7 | |a 10.1111/j.1467-9744.2010.01171.x |2 doi | |
| 035 | |a (DE-627)1827962429 | ||
| 035 | |a (DE-599)KXP1827962429 | ||
| 040 | |a DE-627 |b ger |c DE-627 |e rda | ||
| 041 | |a eng | ||
| 084 | |a 0 |2 ssgn | ||
| 100 | 1 | |a Heltne, Paul G. |e VerfasserIn |4 aut | |
| 245 | 1 | 0 | |a Science and Religious Anthropology: A Spiritually Evocative Naturalist Interpretation of Human Life by Wesley J. Wildman |
| 264 | 1 | |c 2011 | |
| 336 | |a Text |b txt |2 rdacontent | ||
| 337 | |a Computermedien |b c |2 rdamedia | ||
| 338 | |a Online-Ressource |b cr |2 rdacarrier | ||
| 601 | |a Anthropologie | ||
| 601 | |a Wildman, Wesley J. | ||
| 601 | |a Spiritual | ||
| 601 | |a Interpretation | ||
| 655 | 7 | |a Rezension |0 (DE-588)4049712-4 |0 (DE-627)106186019 |0 (DE-576)209083166 |2 gnd-content | |
| 773 | 0 | 8 | |i Enthalten in |t Zygon |d [London] : Open Library of Humanities, 1966 |g 46(2011), 1, Seite 250-252 |h Online-Ressource |w (DE-627)300593570 |w (DE-600)1482903-4 |w (DE-576)090854799 |x 1467-9744 |7 nnas |
| 773 | 1 | 8 | |g volume:46 |g year:2011 |g number:1 |g pages:250-252 |
| 856 | 4 | 0 | |u https://doi.org/10.1111/j.1467-9744.2010.01171.x |x Resolving-System |z lizenzpflichtig |3 Volltext |7 1 |
| 856 | 4 | 0 | |u https://onlinelibrary.wiley.com/doi/abs/10.1111/j.1467-9744.2010.01171.x |x Verlag |z lizenzpflichtig |3 Volltext |7 1 |
| 935 | |a mteo | ||
| 951 | |a AR | ||
| ELC | |a 1 | ||
| ITA | |a 1 |t 1 | ||
| LOK | |0 000 xxxxxcx a22 zn 4500 | ||
| LOK | |0 001 4235367331 | ||
| LOK | |0 003 DE-627 | ||
| LOK | |0 004 1827962429 | ||
| LOK | |0 005 20221220052623 | ||
| LOK | |0 008 221220||||||||||||||||ger||||||| | ||
| LOK | |0 035 |a (DE-Tue135)IxTheo#2022-12-06#B1A26DDDD1421C8851A126D73A982300A71ABAF0 | ||
| LOK | |0 040 |a DE-Tue135 |c DE-627 |d DE-Tue135 | ||
| LOK | |0 092 |o n | ||
| LOK | |0 852 |a DE-Tue135 | ||
| LOK | |0 852 1 |9 00 | ||
| LOK | |0 935 |a ixzs |a ixrk |a zota | ||
| LOK | |0 939 |a 20-12-22 |b l01 | ||
| OAS | |a 1 |b inherited from superior work | ||
| OAS | |a 1 | ||
| ORI | |a SA-MARC-ixtheoa001.raw | ||
| REL | |a 1 | ||
| SUB | |a REL | ||



